00493nam a2200193Ia 4500003000400000008004100004040001600045082001600061100001800077245006300095700001800158700001800176260003700194300001000231650001400241650001600255650000900271650001900280GCL140319s9999 xx 000 0 eng d aGCL / cGCL04a745.54bA A1 aELLIOT MARION10aPAPERCRAFTS: 100 FANTASTIC PAPER PROJECT / cELLIOT MARION1 aACART, ANGELA1 aJACKSON, PAUL a[S.N] : bLORENZ BOOKS ، c1995 a128 P04aHANDCRAFT04aPAPER CRAFT04aARTS04aPAPER PROJECTS